| 000 | 00493nam a22001817a 4500 | ||
|---|---|---|---|
| 999 |
_c533360 _d533360 |
||
| 003 | NUST | ||
| 005 | 20191226150746.0 | ||
| 008 | 191226b ||||| |||| 00| 0 eng d | ||
| 020 | _a978-0674024472 | ||
| 024 | _a 0674024478 | ||
| 038 | _aMSOHAIL | ||
| 082 | _a303.616 | ||
| 100 |
_aSumantra Bose _927201 |
||
| 245 |
_aContested Lands _bIsrael-Palestine, Kashmir, Bosnia, Cyprus and Sri Lanka |
||
| 260 |
_aNew Delhi _bThe India Today Group _cc2007 |
||
| 300 | _a329;pxv | ||
| 942 |
_2ddc _cBK |
||